| 000 | 007070000a22002290004500 | ||
|---|---|---|---|
| 003 | LK-CoMWRAF | ||
| 005 | 20231115104312.0 | ||
| 008 | 230817t1988 ||||| |||| 00| 0 eng d | ||
| 020 | _a9718605002 | ||
| 040 |
_aLK-CoMWRAF _dLK-CoMWRAF _eLK-CoMWRAF |
||
| 041 | _aeng | ||
| 082 |
_a2910.82 _bWOM |
||
| 245 |
_aWoman and religion: _ba collection of essays personal histories and contextualized liturgies |
||
| 260 |
_aManila: _bIstitute of Women's Studies, _c1988 |
||
| 300 | _axi,217p. ; 23 cm. | ||
| 490 |
_a Women's studies series _v2 |
||
| 650 | _aWOMEN AND RELIGION | ||
| 650 | _aWomen-Religious life | ||
| 650 | _aWomen-Prayers and devotions | ||
| 700 |
_aMananzan, Mary John _eed. |
||
| 942 | _cBK | ||
| 999 |
_c1481 _d1481 |
||